000 00692nas a2200241 i 4500
001 859
003 ES-MaACL
005 20250217133951.0
007 t|
008 950801d19331982sp | | 1 ||pa d
022 _a0367-2689
080 _a615
245 0 0 _aFarmacia nueva
_b: revista científico profesional.
260 _aMadrid :
_bF. Martínez Orozco,
_c1933-1982.
300 _a3 v. :
_bgrab. ;
_c27 cm.
310 _aMensual
362 0 _aAño 1, n. 1 (jun. 1933)-año 47, n. 548 (nov./dic. 1982)
650 1 4 _aFarmacología.
_912725
700 1 _aLabiaga, Ramón,
_edir.
_9227542
852 _aES-MaACL
_jHEM-D-169
_xHem-1370
_d
866 0 _o1946-48.
999 _c859
_d859